| 000 | 05833nam a22004577a 4500 | ||
|---|---|---|---|
| 005 | 20120208124916.0 | ||
| 010 | _aB-478914-932 | ||
| 020 |
_a9788181468475 _c150.00 |
||
| 035 | _aB-478914-932 | ||
| 037 | _bब्लूबेरी बुक्स | ||
| 082 | _aक | ||
| 100 |
_aचन्द्रलेखा _951582 |
||
| 245 |
_aआकाश नीला क्यों हैः _cचन्द्रलेखा व डॉ. सी.वी.रामन;वीणा शिवपुरी द्वारा अनुदित _bविज्ञान और डॉ सी.वी.रामन / |
||
| 260 |
_aचैन्नई _bतूलिका पब्लिशर्स _c2010 |
||
| 270 |
_a13 पृथ्वी ऐवन्यु, अभिरमपुरम _bचैन्नई _e600018 |
||
| 300 |
_aअ.पृ. _bसचित्र _c26सेमी (अजिल्द) |
||
| 700 |
_941133 _aदशरथ पटेल |
||
| 700 |
_941134 _aशिवपुरी, वाणी |
||
| 942 |
_2ddc _cCH _hक _mचन्द्रले |
||
| 999 |
_c62265 _d62265 |
||